| 000 | 00495nam a2200169 i 4500 | ||
|---|---|---|---|
| 001 | 44393 | ||
| 003 | ES-MaACL | ||
| 005 | 20230906161023.0 | ||
| 007 | t| | ||
| 008 | 030321s1960 sp ||||1| spa d | ||
| 100 | 1 |
_aCillero Ulecia, Antonio, _d1917-2007 _938827 |
|
| 245 | 1 | 0 |
_aTestigo de una pasión / _cAntonio Cillero Ulecia. |
| 260 |
_aBuenos Aires ; _a[Logroño : _bOchoa], _c1960. |
||
| 300 |
_a95 p. ; _c20 cm. |
||
| 852 |
_aES-MaACL _jC-29716 _bR.60102 |
||
| 999 |
_c44393 _d44393 |
||